Catalog

Record Details

Catalog Search



Život sv. Antonína Poustevníka  Cover Image Book Book

Život sv. Antonína Poustevníka / sv. Atanáš ; [z řečtiny přeložil Václav Ventura ... et al.]

Record details

  • ISBN: 80-901957-5-X
  • Physical Description: 90 s. ; 20 cm
  • Edition: Vyd. 1.
  • Publisher: Velehrad : Refugium Velehrad-Roma ; 1996

Content descriptions

General Note:
3000 výt.
Ed. pozn.
Bibliography, etc. Note:
Odkazy na lit.
Subject: Antonín Poustevník, svatý, asi 250-356
křesťanští světci
Genre: biografie

Available copies

  • 3 of 3 copies available at Common Catalog SPOK.

Holds

  • 0 current holds with 3 total copies.
Show Only Available Copies
Location Call Number / Copy Notes Barcode Shelving Location Status Due Date
ETS Library 271.02 424470006119 Volný výběr Available -
Jabok Library CD-8.13.2 424480005647 Odborná literatura Available -
Jabok Library CD-8.13.2 424480013402 Odborná literatura Available -

LDR 01597nam a2200433 a 4500
00115952
003CZ-PrJAB
00520200225152624.0
007ta
008961017s1996 xr e 000 mbcze
015 . ‡acnb000148103
020 . ‡a80-901957-5-X ‡q(Refugium Velehrad-Roma ; ‡qbrož.) : ‡cKč 74,00
035 . ‡a(CZ PrNK)cpk19960148103
035 . ‡a(OCoLC)36882145
040 . ‡aABA001 ‡bcze
0411 . ‡acze ‡hgrc
045 . ‡ag5h5
072 7. ‡a27 ‡xKřesťanství. Křesťanská církev všeobecně. Eklesiologie ‡2Konspekt ‡95
072 7. ‡a929 ‡xBiografie ‡2Konspekt ‡98
080 . ‡a23/28 ‡2undef
080 . ‡a82-94 ‡2undef
080 . ‡a929 ‡2undef
1000 . ‡aAthanasius, ‡csvatý, ‡dasi 295-373 ‡7jn19981000155 ‡4aut
24010. ‡aŽivot sv. Antónia. ‡lČesky ‡7aun2010576499
24510. ‡aŽivot sv. Antonína Poustevníka / ‡csv. Atanáš ; [z řečtiny přeložil Václav Ventura ... et al.]
250 . ‡aVyd. 1.
260 . ‡aVelehrad : ‡bRefugium Velehrad-Roma ; ‡aOlomouc : ‡bCentrum Aletti ; ‡aPraha : ‡bČeská křesťanská akademie, ‡c1996
300 . ‡a90 s. ; ‡c20 cm
4901 . ‡aPrameny spirituality ; ‡v1
500 . ‡a3000 výt.
500 . ‡aEd. pozn.
504 . ‡aOdkazy na lit.
60007. ‡aAntonín Poustevník, ‡csvatý, ‡dasi 250-356 ‡7jn20000700067 ‡2czenas
65007. ‡akřesťanští světci ‡7ph115082 ‡2czenas
655 7. ‡abiografie ‡7fd131909 ‡2czenas
7001 . ‡aVentura, Václav, ‡d1951- ‡7xx0000386 ‡4trl
830 0. ‡aPrameny spirituality
910 . ‡aABG312
995 . ‡aska
901 . ‡a15952 ‡bCZ-PrJAB ‡c15952 ‡tbiblio ‡sets

Additional Resources